000 00572nam a2200181 i 4500
001 133794
003 ES-MaACL
005 20250828023700.0
007 t|
008 070829s1947 xxk ||||1| eng d
245 0 4 _aThe world of learning /
_cwith an introduction by Dr. Gilbert Murray.
260 _aLondon :
_bEuropa Publications,
_c1947 (
_eRochester :
_fStanhope Press Limited)
300 _a520 p. ;
_c26 cm.
650 1 4 _aEducación-
_vDirectorios
_912077
700 1 _aMurray, Gilbert.
_984636
852 _aES-MaACL
_jC-4274
_bR.24065
999 _c133794
_d133794